| Tag |
First Indicator |
Second Indicator |
Subfields |
| LEADER |
00000cam a2200000 4500 |
| 001 |
in00000056111 |
| 005 |
20151008052358.0 |
| 008 |
720906s1952 nyu 00010 enge |
| 010 |
|
|
|a 52009812
|
| 035 |
|
|
|a (OCoLC)00399866
|
| 035 |
|
|
|9 AAH3063AM
|
| 040 |
|
|
|a DLC
|c OUN
|d OUN
|d OCL
|d TXA
|d UtOrBLW
|
| 049 |
|
|
|a TXAM
|c [222180]
|
| 050 |
0 |
0 |
|a LC3983.N4
|b H5
|
| 082 |
0 |
|
|a 371.955
|
| 092 |
|
|
|a 371.955
|b H644e
|
| 100 |
1 |
|
|a Hildreth, Gertrude Howell,
|d 1898-1984.
|
| 245 |
1 |
0 |
|a Educating gifted children at Hunter College Elementary School /
|c by Gertrude Howell Hildreth in collaboration with Florence N. Brumbaugh [and] Frank T. Wilson.
|
| 250 |
|
|
|a [1st ed.].
|
| 264 |
|
1 |
|a New York :
|b Harper,
|c [1952]
|
| 300 |
|
|
|a 272 pages ;
|c 21 cm.
|
| 336 |
|
|
|a text
|b txt
|2 rdacontent
|
| 337 |
|
|
|a unmediated
|b n
|2 rdamedia
|
| 338 |
|
|
|a volume
|b nc
|2 rdacarrier
|
| 610 |
2 |
0 |
|a Hunter College.
|b Elementary School.
|
| 650 |
|
0 |
|a Gifted children.
|
| 700 |
1 |
|
|a Wilson, Frank T.
|q (Frank Thompson),
|d 1887-
|
| 999 |
|
|
|a MARS
|
| 999 |
f |
f |
|s afce414b-cd74-3a0d-9982-ce3e6e9d87a4
|i c2c7bf3c-1ba9-3135-b5dd-cff09cfee6f0
|t 0
|
| 952 |
f |
f |
|p normal
|a Texas A&M University
|b College Station
|c Sterling C. Evans Library
|d Evans: Library Stacks
|t 0
|e LC3983.N4 H5
|h Library of Congress classification
|i unmediated -- volume
|m A14800847514
|
| 998 |
f |
f |
|a LC3983.N4 H5
|t 0
|l Evans: Library Stacks
|